000 00413cam a2200157ua 4500
041 _aeng
_h
082 _a823.301
_bHUM/GR
100 _aHumayun Kabir, .
245 _aGreen and gold: stores and poems from Bengal /
_cHumayun Kabir.
_hTextual Documents
250 _a1 /
_b.
260 _aMumbai :
_bAsia Publishing House ,
_c1957.
300 _a283 ; .
504 _a
942 _cBK
999 _c8162
_d8162